फटफटीवरुन भारत भ्रमण (Record no. 406677)

MARC details
000 -LEADER
fixed length control field 00528nam a2200145Ia 4500
008 - FIXED-LENGTH DATA ELEMENTS--GENERAL INFORMATION
fixed length control field 100122s9999 xx 000 0 und d
082 ## - DEWEY DECIMAL CLASSIFICATION NUMBER
Item number 16825
Classification number 915.4
100 ## - MAIN ENTRY--PERSONAL NAME
Personal name स्वामी नारायण
245 ## - TITLE STATEMENT
Title फटफटीवरुन भारत भ्रमण
260 ## - PUBLICATION, DISTRIBUTION, ETC. (IMPRINT)
Name of publisher, distributor, etc सुरतवाला पब्लिशर्स
Date of publication, distribution, etc 1970
300 ## - PHYSICAL DESCRIPTION
Extent 197
630 ## - SUBJECT ADDED ENTRY--UNIFORM TITLE
Uniform title फटफटीवरुन भारत भ्रमण
730 ## - ADDED ENTRY--UNIFORM TITLE
Uniform title फटफटीवरुन भारत भ्रमण
942 ## - ADDED ENTRY ELEMENTS (KOHA)
Koha item type Book
Holdings
Withdrawn status Lost status Damaged status Not for loan Home library Current library Date acquired Cost, normal purchase price Total Checkouts Full call number Barcode Date last seen Cost, replacement price Price effective from Koha item type Public note
        S.V. Pathak Library, Vile Parle S.V. Pathak Library, Vile Parle 03/10/1971 8.00   16825 SVPPARLE-16825 01/25/2010 8.00 01/25/2010 Book General NA